| 000 | 00000nam##2200000za#4500 |
| 001 | 9.676844 |
| 003 | CaOODSP |
| 005 | 20210624230057 |
| 007 | cr ||||||||||| |
| 008 | 150407|1987||||xxc|||||o f|0| 0 fre|d |
| 040 | |aCaOODSP|bfre |
| 041 | |aeng |
| 041 | |afre |
| 043 | |an-cn--- |
| 086 | 1 |aA22-116/1987-PDF |
| 110 | 1 |aCanada.|bAgriculture Canada. |bDirection générale de recherche. |
| 245 | 10|aRecherches alimentaires de Saint-Hyacinthe |h[ressource électronique] |
| 260 | |aOttawa - Ontario : |bAgriculture Canada. |c1987. |
| 300 | |a8p.|bcarte |
| 500 | |aPublication historique numérisée par Agriculture et Agroalimentaire Canada. |
| 590 | |a15-03-Supp|b2015-03-13 |
| 691 | 07|aIndustrie agro-alimentaire|2gcpds |
| 791 | |tSaint-Hyacinthe Food Research Centre |eeng|w(CaOODSP)9.676843 |
| 856 | 40|ahttp://publications.gc.ca|qPDF|s840 Ko|uhttps://publications.gc.ca/collections/collection_2015/aac-aafc/A22-116-1987.pdf |